000 00752nam a2200229 a 4500
001 000012664
005 20250522115618.0
008 091116q1985 dr a 000 j spa d
040 _aDO-SdBNP
_bspa
_cBNPHU
082 _aRD863.44
_bP438t
100 1 _aPérez, Mario Emilio,
_d1935-
_922183
245 1 0 _aTraicionero aguardiente! /
_cMario Emilio Pérez.
260 _aSanto Domingo :
_b[Biblioteca Nacional,
_c1985].
300 _a112 p. :
_bil. ;
_c22 cm.
490 1 _aOrfeo
_v7
500 _aIncluye datos biográficos del autor en la contracubierta.
590 _aInventariado, 2019/VM
650 0 _aCuentos dominicanos
_9176
650 0 _aLiteratura dominicana.
_967
830 1 _aOrfeo
_v7
_918812
910 _aValidado. Control de calidad EMS.
999 _c12315
_d12315